000 00559nam a2200217Ia 4500
003 GCL
008 140319s9999 xx 000 0 eng d
040 _aGCL /
_cGCL
082 0 4 _a398.4
_bR M
100 1 _aRONY, JEROME-ANTOINE
245 1 0 _aLA MAGIE /
_cRONY, JEROME-ANTOINE
260 _a[S.N] :
_bPRESSES UNIVERSITAIRES DE FRANCE ،
_c1950
300 _a126 P
650 0 4 _aANCIENT MAGIC
650 0 4 _aMAGIC, ASSYRO - BABYLONIAN
650 0 4 _aMAGIC - ART
650 0 4 _aGERMANY MAGIC
650 0 4 _aFOLKLORE
650 0 4 _aMAGIC
942 _2ddc
_cBK
999 _c12570
_d12570